Music Quiz

Random Music or Kpop Quiz

Kpop Debut Song by Group Quiz Stats

 Plays Quiz not verified by Sporcle

Score 0/20 Timer 10:00
0 Plays Today
Hint Answer % Correct
Got7girls girls girls
90.6%
NCT127firetruck
82.2%
ShiNeereplay
77.8%
Gfriendglass bead
75.6%
Monsta Xtrespass
73.5%
Nu'estface
72.2%
Bapwarrior
67.1%
Winnerempty
66.9%
Sf9fanfare
65.5%
BigbangLa La La
60.6%
Hint Answer % Correct
AOAElvis
59.2%
4 minutehot issue
58.3%
IKONmy type
57.8%
Vixxsuper hero
54.4%
Sistarpush push
51.8%
Block Bfreeze
49.2%
CNBlueI am a loner
48.7%
Up10tionso, dangerous
46.6%
Apinki don't know
40.8%
TeenTopClap
38.2%

You're not logged in!

Compare scores with friends on all Sporcle quizzes.
OR
Log In

Sporcle TV

Today on Sporcle TV


Watch our educational content, quiz creation guides, and fun videos on Sporcle TV.

Show Comments

Extras

Top Quizzes Today


Score Distribution

Your Account Isn't Verified!

In order to create a playlist on Sporcle, you need to verify the email address you used during registration. Go to your Sporcle Settings to finish the process.

Report this User

Report this user for behavior that violates our Community Guidelines.

Details: